000 00640cab a2200169 4500
001 L130310
008 050713n2005 000 0 eng u
035 _a(Sirsi) u130310
041 _aeng
245 _aSpecifier: sport and leisure
260 _c2005
490 _aBuilding
_v270(8386) 17 June 2005, 66-76(8)
520 _aLooks at how to specify gyms and nightclubs. Includes products, checklist for vapour control and a guide to specialist suppliers. Profiles architect AFL's design for a sports stadium in Abu Dhabi.
590 _aIKA190705
690 _aPROPERTY-COMMERCIAL PROPERTY-LEISURE PROPERTY-SPORTS PROPERTY
942 _n0
999 _c75542
_d75542